El primer medico cubano, Diego Vazquez de Hinostrosa. (Record no. 1102)
[ view plain ]
| 000 -CABECERA | |
|---|---|
| campo de control de longitud fija | 00717cam a2200193u 4500 |
| 001 - NÚMERO DE CONTROL | |
| campo de control | 000001149 |
| 005 - FECHA Y HORA DE LA ÚLTIMA TRANSACCIÓN | |
| campo de control | 20200929145504.0 |
| 008 - DATOS DE LONGITUD FIJA--INFORMACIÓN GENERAL | |
| campo de control de longitud fija | 840621s1960 cu a 000 0 spa |
| 010 ## - NÚMERO DE CONTROL DE LA BIBLIOTECA DEL CONGRESO | |
| Número de control de LC | 62001576 |
| 040 ## - FUENTE DE LA CATALOGACIÓN | |
| Centro catalogador/agencia de origen | DO-SdBNP |
| Centro/agencia transcriptor | CarP |
| Centro/agencia modificador | DLC |
| 050 00 - SIGNATURA TOPOGRÁFICA DE LA BIBLIOTECA DEL CONGRESO | |
| Número de clasificación | R476.V35 |
| Número de documento/Ítem | L6 |
| 100 2# - ENTRADA PRINCIPAL--NOMBRE DE PERSONA | |
| Nombre de persona | Lopez Sanchez, Jose, |
| Fechas asociadas al nombre | 1911- [from old catalog] |
| 9 (RLIN) | 3924 |
| 245 13 - MENCIÓN DE TÍTULO | |
| Título | El primer medico cubano, Diego Vazquez de Hinostrosa. |
| 260 ## - PUBLICACIÓN, DISTRIBUCIÓN, ETC. | |
| Lugar de publicación, distribución, etc. | Habana, : |
| Nombre del editor, distribuidor, etc. | Oficina del Historiador de la Ciudad de La Habana, |
| Fecha de publicación, distribución, etc. | 1960. |
| 300 ## - DESCRIPCIÓN FÍSICA | |
| Extensión | 45 p. : |
| Otras características físicas | illus. ; |
| Dimensiones | 22 cm. |
| 600 20 - PUNTO DE ACCESO ADICIONAL DE MATERIA--NOMBRE DE PERSONA | |
| Nombre de persona | Vazquez de Hinostrosa, Diego, |
| Fechas asociadas al nombre | b. 1626. [from old catalog] |
| 9 (RLIN) | 3925 |
| 830 #0 - PUNTO DE ACCESO ADICIONAL DE SERIE-TÍTULO UNIFORME | |
| Título uniforme | Cuadernos de historia habanera, |
| Designación de volumen o secuencia | 70. [from old catalog] |
| 9 (RLIN) | 3453 |
| 910 ## - DATOS DE OPCIÓN DEL USUARIO (OCLC) | |
| Datos de opción del usuario | Catalogación por copia / LC |
| Estado de retiro | Estado de pérdida | Restricciones de uso | No para préstamo | Código de colección | Localización permanente | Ubicación/localización actual | Ubicación en estantería | Fecha de adquisición | Número de inventario | Total de préstamos | Signatura topográfica completa | Código de barras | Fecha visto por última vez | Precio válido a partir de | Tipo de ítem Koha |
|---|---|---|---|---|---|---|---|---|---|---|---|---|---|---|---|
| Préstamo interno | Préstamo en sala | Dominicana de Servicio | Biblioteca Nacional Pedro Henríquez Ureña | Biblioteca Nacional Pedro Henríquez Ureña | Depósito | 04.09.2009 | LF1 | 1149-10 | 25.06.2020 | 25.06.2020 | Libros y folletos |
